00733nam a2200205Ia 450000500170000000800410001702000180005804000080007605000200008410000240010424500610012826000390018930000180022833700100024633800140025644000300027050000220030050501620032265000430048420231102151449.0121028t2004 mx g 000 0 spa d a968-439-207-9 eRDA aPC4065 O74 200410aOSEGUERA, Eva Lydia10aTaller de lectura y redacción Ic / Eva Lydia Oseguera aMéxico b: Patria Culturalc2004 a287 páginas atexto asin medio aLenguaje y comunicación aIncluye Contenido a1. Linguistica general 2. El periodico 3. La revista 4. La informacion 5. Lectura de comprension 6. Textos cientificos y literarios 7. Redaccion basica10aESPAÑOLv- ESTUDIO Y ENSEÑANZA